| 000 | 00492nam a2200181Ia 4500 | ||
|---|---|---|---|
| 008 | 240925s9999 xx 000 0 und d | ||
| 020 | _a675201063 | ||
| 082 | _a005.133 MOR | ||
| 100 | _aMoriber ,Harry A. | ||
| 245 | 0 | _aStructured Basic Programming | |
| 250 | _aNA | ||
| 260 |
_aOxford: _bOxford University _c,1984. |
||
| 300 |
_ax,254p. _bNA _fOriginal |
||
| 500 | _aIncludes Index | ||
| 600 | _aComputer Science | ||
| 650 | _aComputer science, information & general works | ||
| 942 | _cBK | ||
| 999 |
_c3861 _d3861 |
||